000 00414nam a2200133 4500
020 _qPB.
040 _cFIZZA ISHAQ
082 _a972.018
_bSOU
100 _a Soustelle , Jacques.
_9134065
245 _aDaily Life of the Aztecs on the Eve of the Spanish Conquest /
_cJacques Soustelle.
260 _aNew York:
_b Stanford University Press,
_c1961.
300 _a321 P. ;
_c5.5 x 0.87 x 8.5 inches
942 _2ddc
_cBK
999 _c616994
_d616994